| 000 | 00718nam a2200193 4500 | ||
|---|---|---|---|
| 001 | 120404 | ||
| 003 | ES-MaACL | ||
| 005 | 20230906191537.0 | ||
| 007 | t| | ||
| 008 | 070214s1945 ag r ||||1| spa d | ||
| 100 | 1 |
_aPohl, John F. _992741 |
|
| 245 | 1 | 3 |
_aEl concepto de Kenny de la parálisis infantil y su tratamiento / _cJohn F. Pohl ; en colaboración con la hermana Elizabeth Kenny ; prólogo de Frank R. Ober ; traducción directa del inglés por Clovis Bone. |
| 260 |
_aBuenos Aires : _bHachette, _c1945. |
||
| 300 |
_a311 p., 16 lám. : _bil. ; _c24 cm. |
||
| 700 | 1 |
_aKenny, Elizabeth. _967858 |
|
| 700 | 1 |
_aOber, Frank R. _986381 |
|
| 700 | 1 |
_aBone, Clovis. _930096 |
|
| 852 |
_aES-MaACL _jC-4741 _bR.25234 |
||
| 999 |
_c120404 _d120404 |
||